000 01572nam a2200253Ia 4500
003 Ost
005 20260416102356.0
008 260416s9999||||xx |||||||||||||| ||und||
040 _cfsecg
041 _aara
082 _a338.6048
100 _aمقدم، علال
_eمؤلف
245 0 _aالخيارات الإستراتيجية في المؤسسة /
_c علال مقدم
260 _aالجزائر
_bجامعة الجزائر3: كلية العلوم الإقتصادية، العلوم التجارية وعلوم التسيير
_c2020
300 _a102 ورقة
_bايضاحات
_c30 سم
504 _aمراجع ص.89
520 _aمفهوم الميزة التنافسية في المؤسسة، مفهوم المنافسة في البيئة التنافسية الراهنة، تطور الفكر الاستراتيجي في المؤسسة، معايير اختيار الاستراتيجيات في المؤسسة، استراتيجيات النمو في المؤسسة، استراتيجيات الانكماش و الاستقرار في المؤسسة، استراتيجيات التنافسية على مستوى وحدات الاعمال، الاستراتيجيات الوظيفية في المؤسسة
653 _aالاستراتيجية
653 _aالاستراتيجية التنافسية
653 _aالانكماش
653 _aالمنافسة
710 _aجامعة الجزائر3: كلية العلوم الإقتصادية، العلوم التجارية وعلوم التسيير
_eناشر علمي
942 _cHANDOUT
999 _c41207
_d41207